|
|
|
|
| LEADER |
01189nam a2200289 a 4500 |
| 001 |
171 |
| 003 |
BD-DhAAL |
| 005 |
20150308114745.0 |
| 008 |
150308s1991 nyua b 001 0 eng |
| 010 |
|
|
|a 90036642
|
| 020 |
|
|
|a 0070510369 :
|c $24.95
|
| 040 |
|
|
|a DLC
|c DLC
|d DLC
|d BD-DhAAL
|
| 050 |
0 |
0 |
|a HD30.28
|b .P75 1991
|
| 082 |
0 |
0 |
|a 658.4/012
|2 20
|
| 100 |
1 |
|
|a Primozic, Kenneth I.
|9 9207
|
| 245 |
1 |
0 |
|a Strategic choices :
|b supremacy, survival, or sayonara /
|c Kenneth I. Primozic, Edward A. Primozic, Joe Leben.
|
| 260 |
|
|
|a New York :
|b McGraw-Hill,
|c c1991.
|
| 300 |
|
|
|a xvi, 272 p. :
|b ill. ;
|c 24 cm.
|
| 504 |
|
|
|a Includes bibliographical references and index.
|
| 541 |
|
|
|e 171
|
| 650 |
|
0 |
|a Strategic planning.
|9 9208
|
| 700 |
1 |
|
|a Primozic, Edward A.
|9 9209
|
| 700 |
1 |
|
|a Leben, Joe.
|9 9210
|
| 942 |
|
|
|2 ddc
|c BK
|
| 999 |
|
|
|c 33924
|d 33924
|
| 952 |
|
|
|0 0
|1 0
|2 ddc
|4 0
|6 658_401200000000000_PRI
|7 0
|9 52950
|a SCL
|b SCL
|c GEN
|d 2015-03-08
|e Gift: The Asia Foundation
|l 0
|o 658.4012 PRI
|p 3020000171
|r 2015-03-08
|t 1
|w 2015-03-08
|y BK
|
| 952 |
|
|
|0 0
|1 0
|2 ddc
|4 0
|6 658_401200000000000_PRI
|7 0
|9 54019
|a SCL
|b SCL
|c GEN
|d 2015-06-02
|e Gift: The Asia Foundation
|l 0
|o 658.4012 PRI
|p 3020000172
|r 2015-06-02
|t 2
|w 2015-06-02
|y BK
|